00379nam a2200157Ia 45000010006000000050017000060080041000230410008000640820016000721000042000882450038001302600009001683000028001776500008002056540008002131730720260306171508.0260306s9999||||xx |||||||||||||| ||und|| aESP a657.61bM26 aMarengo Matute, Víctor EnriqueeAUT 0aPlan contable general empresarial c2012 a510 páginas :c25 cm. aGEN aCCO